Guess the Sabrina Carpenter song (no hints) - Statistics

General Stats
  • This quiz has been taken 237 times
  • The average score is 91 of 184
Answer Stats
Answer % Correct
I
98%
a
93%
you
90%
You
90%
The
77%
the
77%
And
75%
and
75%
your
75%
Your
75%
it
74%
it,
74%
to
74%
me
72%
on
67%
in
65%
My
63%
She
62%
she
62%
you're
61%
like
58%
Oh,
56%
What
56%
what
56%
her
55%
then
55%
of
51%
all
50%
Now
50%
got
48%
have
48%
just
48%
L.A.
48%
she's
48%
This
48%
but
47%
for
47%
girl
47%
coincidence
45%
Coincidence
45%
Up
45%
up
45%
by
44%
knew
44%
life
44%
night
44%
said
44%
way
44%
At
43%
From
43%
head
43%
Put
43%
some
43%
Second
42%
back
41%
chest
41%
Last
41%
damn
40%
Damn
40%
phone
40%
real
40%
sense
40%
car
39%
didn't
39%
died
39%
drove
39%
thighs
39%
itself
37%
looks
37%
lost
37%
mouth
37%
name
37%
sixth
37%
surprise
37%
that's
37%
any
36%
comes
36%
friends
36%
once,
36%
same
36%
tongue
36%
twice
36%
common
35%
kinda
35%
Who's
35%
even
34%
here
34%
side?
34%
without
34%
you've
34%
city
33%
into
33%
less
33%
nice,
33%
outgrew
33%
space
33%
week,
33%
pictures,
32%
sending
32%
again
31%
broke
31%
holding
31%
told
31%
wearing
31%
least
30%
mutual
30%
present
30%
being
29%
doubts
29%
Palm
29%
past
29%
Springs
29%
tense,
29%
Suckin'
28%
Tryna
28%
turn
28%
Seven
24%
truth
24%
Minus
23%
percent
23%
wow,
23%
huh
20%
Uh
15%
No matching quizzes found
Score Distribution
Percent of People with Each Score
Percentile by Number Answered
Your Score History
You have not taken this quiz